| 000 | 00929nam0a2200301 i 4500 | ||
|---|---|---|---|
| 001 | RU\NLR\BIBL_A\011431251 | ||
| 005 | 20240727024159.0 | ||
| 010 |
_a9785948252346 _9100 |
||
| 021 |
_aRU _b2017-43757 _93174 |
||
| 035 | _a(RuMoRGB)008911122 | ||
| 035 | _a(NLR Aleph) 011431251 | ||
| 090 |
_a11653911 _c11653911 |
||
| 100 | _a20170704d2017 u y0rusy50 ca | ||
| 101 | 0 | _arus | |
| 102 | _aRU | ||
| 105 | _ay|||z|||000ay | ||
| 200 | 1 |
_aЯ люблю тебя, Хрюнич _eрассказы и сказки для детей _fЛюдмила Блохина |
|
| 210 |
_aКраснодар _c[б. и.] _d2017 |
||
| 215 |
_a63 с. _d21 |
||
| 333 | _a12+ | ||
| 686 |
_aШ9(2)6=Р70я44 _2rubbk |
||
| 686 | 0 | _aШ9(2)62=Р7-4 | |
| 700 | 1 |
_aБлохина _bЛ. В. _gЛюдмила Васильевна |
|
| 942 | _cBOOK | ||
| 980 | _aNBR | ||